000 01186nam a2200325 a 4500
001 000038131
003 DO-SdBNP
005 20241008094833.0
007 ta
008 130315s2004 dr r 000 0 spa d
040 _aDO-SdBNP
_bspa
_cBNPHU
_erda
041 _aspa
082 4 _a001.42
_bR696m 2004
_222
100 1 _aRodríguez Castillo, Príamo,
_d1943-
_eautor
_4aut.
_964499
245 1 0 _aMetodología de la investigación aplicada /
_cPríamo Rodríguez Castillo ; prólogo, Juan José de la Cruz.
250 _a7a. edición
264 4 _aSantiago, República Dominicana :
_bEditora Universidad Tecnológica de Santiago,
_c2004.
300 _a160 páginas :
_bilustraciones ;
_c23 cm.
336 _atexto
_btxt
_2rdacontent
337 _asin mediación
_bn
_2rdamedia
338 _avolumen
_bnc
_2rdacarrier
500 _aIncluye datos biográficos del autor : páginas 161
504 _aBibliografía: p.158-160
590 _aInventariado, 2024/MFF
650 4 _aCiencia
_xMetodología
650 4 _aInvestigación
_xMetodología
_986655
700 1 _aCruz, Juan Jose de la,
_epróloguista
_4pr.
_937674
910 _aValidado. Control de calidad MFF
942 _2ddc
_cLBS1
999 _c37621
_d37621